[Event "DLM 2010"]
[Site "Stuttgart GER"]
[Date "2010.11.18"]
[Round "3"]
[White "Lubbe, Nikolas"]
[Black "Poetsch, Hagen"]
[Result "1-0"]
[Termination "normal"]
[Board "1.1"]
[BlackTitle "FM"]
[WhiteElo "2367"]
[BlackElo "2395"]
[WhiteTeam "Niedersachsen"]
[BlackTeam "Hessen 1"]
[WhiteFideId "4694031"]
[BlackFideId "24615137"]
[EventCountry "GER"]
[EventRounds "7"]
[EventType "team-swiss"]
[EventDate "2010.11.16"]

1. Nf3 d5 2. c4 d4 3. g3 Nc6 4. Bg2 e5 5. O-O Nf6 6. d3 Nd7 7. e3 Be7 8. exd4
exd4 9. a3 a5 10. Nbd2 O-O 11. Re1 Nc5 12. Nb3 Ne6 13. Ne5 Nxe5 14. Rxe5 c6 15.
Bd2 a4 16. Nc1 Qb6 17. Qc2 Bf6 18. Re1 Nc5 19. Bb4 Bf5 20. h3 h6 21. g4 Bh7 22.
Bxc5 Qxc5 23. Be4 Rfe8 24. Bxh7+ Kxh7 25. Ne2 h5 26. Ng3 hxg4 27. hxg4 Qg5 28.
f3 Qf4 29. Kg2 Bh4 30. Nh5 Qg5 31. Rh1 f5 32. Ng3 fxg4 33. f4 Qxf4 34. Rxh4+
Kg8 35. Rf1 Qg5 36. Rh5 Qe3 37. Rh4 Qg5 38. Rfh1 Qf4 39. Rh8+ Kf7 40. Rxe8 Qf3+
41. Kh2 Kxe8 42. Rf1 Qe3 43. Qe2 Kd7 44. Rf7+ Ke6 45. Re7+ Kxe7 46. Nf5+ Kf6
47. Nxe3 Rh8+ 48. Kg2 1-0

[Event "DLM 2010"]
[Site "Stuttgart GER"]
[Date "2010.11.18"]
[Round "3"]
[White "Geske, Julian"]
[Black "Schulz, Jens"]
[Result "1-0"]
[Termination "normal"]
[Board "1.2"]
[WhiteTitle "FM"]
[WhiteElo "2364"]
[BlackElo "2173"]
[WhiteTeam "Hessen 1"]
[BlackTeam "Niedersachsen"]
[WhiteFideId "24605263"]
[BlackFideId "24675687"]
[EventCountry "GER"]
[EventRounds "7"]
[EventType "team-swiss"]
[EventDate "2010.11.16"]

1. e4 c5 2. Nf3 d6 3. d4 cxd4 4. Nxd4 Nf6 5. Nc3 a6 6. Bg5 e6 7. f4 Qb6 8. Qd3
Qxb2 9. Rb1 Qa3 10. f5 Nc6 11. fxe6 fxe6 12. Nxc6 bxc6 13. Be2 Qa5 14. Bd2 Be7
15. Nd5 Qxa2 16. Nxf6+ Bxf6 17. Bh5+ Ke7 18. O-O e5 19. c4 Rd8 20. Qg3 Rf8 21.
Qc3 Be6 22. Rb7+ Kd8 23. Qb4 Kc8 24. Qb6 Bd8 25. Qxc6+ Bc7 26. Rxf8# 1-0

[Event "DLM 2010"]
[Site "Stuttgart GER"]
[Date "2010.11.18"]
[Round "3"]
[White "Schreiner, Till"]
[Black "Ohme, Melanie"]
[Result "1/2-1/2"]
[Termination "normal"]
[Board "1.3"]
[BlackTitle "WIM"]
[WhiteElo "2149"]
[BlackElo "2311"]
[WhiteTeam "Niedersachsen"]
[BlackTeam "Hessen 1"]
[WhiteFideId "24675555"]
[BlackFideId "4690745"]
[EventCountry "GER"]
[EventRounds "7"]
[EventType "team-swiss"]
[EventDate "2010.11.16"]

1. d4 Nf6 2. c4 c5 3. d5 b5 4. Nf3 Bb7 5. a4 Qa5+ 6. Bd2 b4 7. Qc2 d6 8. e4 g6
9. Bd3 Bg7 10. O-O O-O 11. h3 Nbd7 12. Bf4 Qc7 13. Nbd2 e5 14. Be3 Nh5 15. g3
Rae8 16. Nh4 Bc8 17. Ng2 Bh8 18. Kh2 Ng7 19. Nh4 Nb8 20. g4 Qe7 21. Ndf3 a5 22.
b3 f6 23. Rg1 Rf7 24. Rg3 Kf8 25. Rag1 Qd7 26. Kg2 Ke7 27. Kf1 Kd8 28. Ke1 Kc7
29. Kd1 Qe7 30. Kc1 Nd7 31. Bh6 Nb6 32. Ng2 Bd7 33. Ne3 Rb8 34. Kd2 Ne8 35. Ng2
Nc8 36. h4 Qd8 37. Kc1 Ne7 38. Kb1 Qc8 39. Nge1 Ng8 40. Be3 Ng7 41. h5 gxh5 42.
gxh5 Ne7 43. Rh1 Rf8 44. h6 Ne8 45. Nh4 f5 46. Nxf5 Nxf5 47. exf5 Nf6 48. f3
Qe8 49. Be4 Nh5 50. Rg4 Qf7 51. Rhg1 Nf4 52. Bc1 Qh5 53. Qf2 Bxf5 54. Bxf5
Qxf5+ 55. Qc2 Ne2 56. Qxf5 Rxf5 57. R1g2 Nxc1 58. Kxc1 Rh5 59. Rg8 Rxg8 60.
Rxg8 Bf6 61. Nd3 Rxh6 62. Nf2 Be7 63. Ne4 Rh2 64. Rh8 h5 65. Ng3 h4 66. Nf5
Bg5+ 67. Kb1 h3 68. Rh7+ Kd8 69. Nxd6 Rh1+ 70. Kb2 Bc1+ 71. Ka2 Bf4 72. Nb7+
Kc8 73. d6 Rd1 74. Nxc5 Rxd6 75. Rxh3 Rd2+ 76. Kb1 Rd1+ 77. Kc2 Rd2+ 78. Kb1
Rd1+ 79. Kc2 Rd2+ 80. Kb1 Rd1+ 1/2-1/2

[Event "DLM 2010"]
[Site "Stuttgart GER"]
[Date "2010.11.18"]
[Round "3"]
[White "Schröder, Jan-Christian"]
[Black "Tennert, Simon"]
[Result "1-0"]
[Termination "normal"]
[Board "1.4"]
[WhiteElo "2108"]
[BlackElo "2025"]
[WhiteTeam "Hessen 1"]
[BlackTeam "Niedersachsen"]
[WhiteFideId "24662259"]
[BlackFideId "1270445"]
[EventCountry "GER"]
[EventRounds "7"]
[EventType "team-swiss"]
[EventDate "2010.11.16"]

1. e4 c5 2. Nf3 e6 3. d4 cxd4 4. Nxd4 Nc6 5. Nc3 Qc7 6. Nb3 a6 7. Bd3 d6 8. O-O
b5 9. f4 Nf6 10. Qf3 Bb7 11. Kh1 Nb4 12. Qg3 Nxd3 13. cxd3 Be7 14. Be3 O-O 15.
Rac1 Qd8 16. f5 e5 17. Bh6 Ne8 18. d4 exd4 19. Nd5 Bxd5 20. exd5 Bh4 21. Qg4
Bf6 22. Bd2 Be5 23. Qf3 Ra7 24. Ba5 Qf6 25. Qd3 Qh6 26. h3 Qh4 27. Bb6 Rd7 28.
Nxd4 Nf6 29. Nf3 Qg3 30. Bf2 Qf4 31. Nxe5 Qxe5 32. Rfd1 Ra8 33. Bg3 Qxb2 34. a3
Nh5 35. Bh2 g6 36. Rc6 Qf6 37. fxg6 hxg6 38. Rf1 Qe7 39. Qc3 Ng7 40. Re1 Qd8
41. Bf4 Nh5 42. Bc1 Qf6 43. Qc2 Ng3+ 44. Kh2 Nf5 45. Bb2 Qh4 46. Qc3 Qh6 47.
Re4 Rdd8 48. Rc7 Rf8 49. Bc1 Qg7 50. Qe1 Rac8 51. Rc6 Ra8 52. g4 Nd4 53. Qf2
Nxc6 54. dxc6 Rac8 55. Bb2 f6 56. Qd2 Rf7 57. Qxd6 Qf8 58. Qe6 Kh7 59. h4 Rd8
60. Bd4 Qd6+ 61. Qxd6 Rxd6 62. g5 Rxc6 63. Bxf6 Rc8 64. Re6 Ra8 65. Rb6 Rd7 66.
Kg2 Kg8 67. Bc3 Kh7 68. Bf6 Rd2+ 69. Kg3 Rd7 70. Kf4 Rda7 71. Kg4 Re8 72. h5
gxh5+ 73. Kxh5 Kg8 74. Kg6 Rf8 75. Rc6 Rxf6+ 76. gxf6 Ra8 77. Rc7 Rd8 78. Rg7+
Kh8 79. Rh7+ 1-0

[Event "DLM 2010"]
[Site "Stuttgart GER"]
[Date "2010.11.18"]
[Round "3"]
[White "Grigorian, Spartak"]
[Black "Hahn, Markus"]
[Result "1-0"]
[Termination "normal"]
[Board "1.5"]
[WhiteElo "1835"]
[BlackElo "2078"]
[WhiteTeam "Niedersachsen"]
[BlackTeam "Hessen 1"]
[WhiteFideId "24661490"]
[BlackFideId "24654647"]
[EventCountry "GER"]
[EventRounds "7"]
[EventType "team-swiss"]
[EventDate "2010.11.16"]

1. d4 e6 2. c4 f5 3. g3 Nf6 4. Bg2 d5 5. Nh3 c6 6. O-O Be7 7. Qc2 O-O 8. Rd1 a5
9. Nf4 g5 10. Nd3 h6 11. Ne5 Kg7 12. Nd2 Bd6 13. Ndf3 Ne4 14. h4 Nd7 15. Qb3
Bxe5 16. dxe5 a4 17. Qe3 f4 18. gxf4 gxf4 19. Qd4 b6 20. e3 c5 21. Qd3 Ba6 22.
b3 axb3 23. axb3 Qe7 24. Rxa6 Nxf2 25. Kxf2 Rxa6 26. cxd5 Ra2+ 27. Kg1 Kh8 28.
exf4 Rg8 29. Rd2 Rxd2 30. Qxd2 exd5 31. Qxd5 Qg7 32. Qd2 Qg4 33. Bb2 Nf8 34.
e6+ Kh7 35. Qc2+ Ng6 36. f5 Nxh4 37. f6+ Rg6 38. Nxh4 Qxh4 39. Qe2 Qh3 40. Qe4
Qxb3 41. f7 Qd1+ 42. Kh2 Qh5+ 43. Bh3 Qg5 1-0

[Event "DLM 2010"]
[Site "Stuttgart GER"]
[Date "2010.11.18"]
[Round "3"]
[White "Manusina, Nicole"]
[Black "Höpfner, Tim"]
[Result "0-1"]
[Termination "normal"]
[Board "1.7"]
[WhiteElo "1751"]
[BlackElo "1907"]
[WhiteTeam "Niedersachsen"]
[BlackTeam "Hessen 1"]
[WhiteFideId "24657514"]
[BlackFideId "4638310"]
[EventCountry "GER"]
[EventRounds "7"]
[EventType "team-swiss"]
[EventDate "2010.11.16"]

1. d4 Nf6 2. c4 c5 3. d5 b5 4. cxb5 a6 5. f3 d6 6. e4 Nbd7 7. Nh3 g6 8. Nc3 Bg7
9. Be2 O-O 10. O-O Nb6 11. Nf2 axb5 12. Bxb5 Bd7 13. Bxd7 Nfxd7 14. Qc2 Nc4 15.
Nb5 Na3 16. Nxa3 Rxa3 17. Bd2 Ra7 18. Bc3 Qb6 19. Bxg7 Kxg7 20. Kh1 h5 21. Nd3
Rfa8 22. a3 Qb5 23. Rac1 Rb8 24. Qc3+ Kg8 25. b4 Rba8 26. Rfd1 Rxa3 27. Qc4
Qxc4 28. Rxc4 Rxd3 0-1

[Event "DLM 2010"]
[Site "Stuttgart GER"]
[Date "2010.11.18"]
[Round "3"]
[White "Graf, Clara Victoria"]
[Black "Sieber, Fiona"]
[Result "0-1"]
[Termination "normal"]
[Board "1.8"]
[WhiteElo "1739"]
[BlackElo "1637"]
[WhiteTeam "Hessen 1"]
[BlackTeam "Niedersachsen"]
[WhiteFideId "1270339"]
[BlackFideId "12902373"]
[EventCountry "GER"]
[EventRounds "7"]
[EventType "team-swiss"]
[EventDate "2010.11.16"]

1. e4 c5 2. Nc3 Nc6 3. g3 g6 4. Bg2 Bg7 5. d3 d6 6. Be3 Rb8 7. Qd2 b5 8. Rb1 b4
9. Nce2 Nd4 10. f4 e5 11. c3 bxc3 12. Nxc3 Ne7 13. Nge2 O-O 14. O-O Be6 15.
fxe5 dxe5 16. Kh1 Re8 17. Rfd1 Qa5 18. b3 Nec6 19. Na4 Bg4 20. Bxd4 cxd4 21.
Rb2 Qxd2 22. Rdxd2 Nb4 23. a3 Bxe2 24. axb4 Bg4 25. h3 Be6 26. Nc5 Rxb4 27.
Nxe6 Rxe6 28. Ra2 a6 29. Rdb2 Rc6 30. Kh2 Rbb6 31. Bf1 Rc3 32. b4 Bf8 33. Ra4
Rc7 34. Be2 Rcb7 35. Kg2 Bxb4 36. Kf2 Be1+ 37. Kxe1 Rxb2 38. Rxa6 Rb1+ 39. Kf2
R1b6 40. Ra5 Rf6+ 41. Ke1 Rb1+ 42. Kd2 Rfb6 43. Ra2 R6b2+ 44. Rxb2 Rxb2+ 45.
Ke1 Kf8 46. Kf2 Ke7 47. Kf3 f5 48. h4 fxe4+ 49. dxe4 Rb3+ 50. Kf2 d3 51. Bd1
Rb4 52. Bf3 Rd4 53. Ke1 Kd6 54. g4 h6 55. Kd2 Kc5 56. g5 h5 57. Bg2 Kc4 58. Bf1
Rd6 59. Bg2 Kd4 60. Bf3 Ra6 61. Bd1 Kxe4 62. Ke1 Ke3 63. Be2 Ra1+ 64. Bd1 d2+
65. Kf1 Rxd1+ 0-1

[Event "DLM 2010"]
[Site "Stuttgart GER"]
[Date "2010.11.18"]
[Round "3"]
[White "Kartsev, Alexandr"]
[Black "Krassowizkij, Jaroslaw"]
[Result "1-0"]
[Termination "normal"]
[Board "2.1"]
[WhiteElo "2183"]
[BlackElo "2248"]
[WhiteTeam "Nordrhein-Westfalen"]
[BlackTeam "Württemberg 1"]
[WhiteFideId "24647110"]
[BlackFideId "1271703"]
[EventCountry "GER"]
[EventRounds "7"]
[EventType "team-swiss"]
[EventDate "2010.11.16"]

1. d4 g6 2. e4 Bg7 3. Nc3 c5 4. Be3 Nc6 5. dxc5 Bxc3+ 6. bxc3 Qa5 7. Qd2 Nf6 8.
f3 b6 9. cxb6 axb6 10. Bd4 O-O 11. Bd3 d5 12. e5 Nd7 13. f4 f6 14. Nf3 fxe5 15.
fxe5 Nc5 16. Bxg6 hxg6 17. Qh6 Kf7 18. O-O Ke8 19. Qxg6+ Kd7 20. Ng5 Ba6 21.
Rf7 Rxf7 22. Qxf7 Bc4 23. e6+ Kc7 24. h4 Kb7 25. Bg7 d4 26. cxd4 Qc3 27. dxc5
Nd4 28. Rb1 Ne2+ 29. Kh1 Qg3 30. Rxb6+ Ka7 31. Qxe7+ 1-0

[Event "DLM 2010"]
[Site "Stuttgart GER"]
[Date "2010.11.18"]
[Round "3"]
[White "Pogan, Nikolas"]
[Black "Kahleys, Kevin"]
[Result "1/2-1/2"]
[Termination "normal"]
[Board "2.2"]
[WhiteElo "2150"]
[BlackElo "2123"]
[WhiteTeam "Württemberg 1"]
[BlackTeam "Nordrhein-Westfalen"]
[WhiteFideId "24673579"]
[BlackFideId "24669601"]
[EventCountry "GER"]
[EventRounds "7"]
[EventType "team-swiss"]
[EventDate "2010.11.16"]

1. d4 d5 2. c4 c6 3. Nf3 e6 4. b3 Bd6 5. e3 f5 6. Bd3 Nf6 7. Bb2 O-O 8. Qc2 Ne4
9. O-O b6 10. Ba3 Bxa3 11. Nxa3 Qe7 12. Nb1 Bb7 13. Ne5 Nd7 14. Nxd7 Qxd7 15.
Nd2 Rac8 16. Nf3 c5 17. a4 a5 18. Ne5 Qe7 19. f3 Nf6 20. Qf2 Nd7 21. f4 cxd4
22. exd4 Nxe5 23. dxe5 Qb4 24. Rab1 Rfd8 25. Rfd1 Rc7 26. cxd5 Bxd5 27. Bc4
Rcd7 28. Bb5 Rc7 29. Bc4 Qc5 30. Rd2 Qb4 31. Rbd1 Rc5 32. Rd4 Qc3 33. R1d3 Qc1+
34. Rd1 Qc3 35. R4d3 Qb4 36. Rd4 Qc3 1/2-1/2

[Event "DLM 2010"]
[Site "Stuttgart GER"]
[Date "2010.11.18"]
[Round "3"]
[White "Erben, Larissa"]
[Black "Takeuchi, Eiki"]
[Result "1-0"]
[Termination "normal"]
[Board "2.4"]
[WhiteElo "2092"]
[BlackElo "1885"]
[WhiteTeam "Württemberg 1"]
[BlackTeam "Nordrhein-Westfalen"]
[WhiteFideId "24634590"]
[BlackFideId "24663751"]
[EventCountry "GER"]
[EventRounds "7"]
[EventType "team-swiss"]
[EventDate "2010.11.16"]

1. e4 c5 2. Nf3 d6 3. d4 cxd4 4. Nxd4 Nf6 5. Nc3 a6 6. Be2 e5 7. Nb3 Be7 8. O-O
O-O 9. Kh1 b6 10. f4 Bb7 11. Bf3 Nbd7 12. Be3 b5 13. a3 Rc8 14. Qe1 Re8 15. Rd1
Rc4 16. Nd2 Rc8 17. Qg3 Qa5 18. Nb3 Qc7 19. Rd2 Qc4 20. Rdf2 Qc7 21. Rd1 Qb8
22. fxe5 Nxe5 23. Nd4 Bf8 24. Nf5 Rxc3 25. bxc3 Nxe4 26. Bxe4 Bxe4 27. Nh6+ Kh8
28. Nxf7+ Nxf7 29. Rxf7 Bxc2 30. Rdf1 Bg6 31. Ra7 Qc8 32. Bd4 Qc4 33. Qf4 Kg8
34. Qxf8+ Rxf8 35. Rxg7+ 1-0

[Event "DLM 2010"]
[Site "Stuttgart GER"]
[Date "2010.11.18"]
[Round "3"]
[White "Kuckling, Hannah"]
[Black "Kvetny, Mark"]
[Result "1/2-1/2"]
[Termination "normal"]
[Board "2.5"]
[WhiteElo "1610"]
[BlackElo "1984"]
[WhiteTeam "Nordrhein-Westfalen"]
[BlackTeam "Württemberg 1"]
[WhiteFideId "24603660"]
[BlackFideId "24603929"]
[EventCountry "GER"]
[EventRounds "7"]
[EventType "team-swiss"]
[EventDate "2010.11.16"]

1. e4 c5 2. c3 d5 3. exd5 Qxd5 4. d4 Nf6 5. Nf3 Bg4 6. Be2 e6 7. O-O Nc6 8. Na3
a6 9. Nc2 cxd4 10. Ncxd4 Nxd4 11. Nxd4 Bxe2 12. Qxe2 Bc5 13. Be3 O-O 14. Rfd1
Qe4 15. Rd2 Rad8 16. Rad1 Ng4 17. Nc2 Nxe3 18. Nxe3 Bb6 19. Rd6 Rxd6 20. Rxd6
Bxe3 21. fxe3 Qb1+ 22. Qd1 Qxb2 23. Rd8 Qb6 24. Rxf8+ Kxf8 25. Qd3 g6 26. h3
Qc5 27. c4 Qe5 28. Qb3 Kg8 29. Kh1 Qe4 30. Kh2 h5 31. Kh1 Kh7 32. Kh2 f6 33.
Qc3 Kg7 34. Qb4 Kh6 35. Qc3 Kg5 36. Qb3 Qe5+ 37. Kh1 Qe4 38. Kh2 h4 39. Kh1 f5
40. Qa3 Qb1+ 41. Kh2 Qa1 42. Qe7+ Qf6 43. Qxb7 Qe5+ 44. Kh1 Qa1+ 45. Kh2 Qe5+
46. Kh1 Qxe3 47. Qxa6 Qe1+ 48. Kh2 Qg3+ 49. Kh1 Qe1+ 50. Kh2 Qg3+ 51. Kh1 e5
52. Qd6 Qe1+ 53. Kh2 Qg3+ 54. Kh1 Qe1+ 55. Kh2 Qg3+ 56. Kh1 1/2-1/2

[Event "DLM 2010"]
[Site "Stuttgart GER"]
[Date "2010.11.18"]
[Round "3"]
[White "Schäfer, Daniela"]
[Black "Rempe, Moritz"]
[Result "1-0"]
[Termination "normal"]
[Board "2.6"]
[WhiteElo "1935"]
[BlackElo "1748"]
[WhiteTeam "Württemberg 1"]
[BlackTeam "Nordrhein-Westfalen"]
[WhiteFideId "4624769"]
[BlackFideId "12906867"]
[EventCountry "GER"]
[EventRounds "7"]
[EventType "team-swiss"]
[EventDate "2010.11.16"]

1. e4 c5 2. Nf3 a6 3. c3 b5 4. d4 e6 5. Bd3 Bb7 6. O-O d6 7. Re1 Nf6 8. a4 c4
9. Bc2 Nbd7 10. Na3 Be7 11. Bg5 Bc6 12. Qe2 O-O 13. d5 Bb7 14. dxe6 fxe6 15.
axb5 axb5 16. Nxb5 Qb6 17. Nbd4 Nc5 18. Qxc4 Rxa1 19. Rxa1 Qxb2 20. Rb1 Qa3 21.
e5 dxe5 22. Nxe5 Rc8 23. Rxb7 Nxb7 24. Qxe6+ Kh8 25. Nf7+ 1-0

[Event "DLM 2010"]
[Site "Stuttgart GER"]
[Date "2010.11.18"]
[Round "3"]
[White "Weber, Sandra"]
[Black "Reksten, Anne"]
[Result "1/2-1/2"]
[Termination "normal"]
[Board "2.8"]
[WhiteElo "1511"]
[BlackElo "1407"]
[WhiteTeam "Württemberg 1"]
[BlackTeam "Nordrhein-Westfalen"]
[WhiteFideId "1270049"]
[BlackFideId "24692778"]
[EventCountry "GER"]
[EventRounds "7"]
[EventType "team-swiss"]
[EventDate "2010.11.16"]

1. e4 c6 2. d4 d5 3. Nc3 dxe4 4. Nxe4 Bf5 5. Ng3 Bg6 6. Nf3 Nd7 7. h4 h6 8. h5
Bh7 9. Bd3 Bxd3 10. Qxd3 e6 11. Bf4 Ngf6 12. Ne4 Nxe4 13. Qxe4 Nf6 14. Qd3 Nd5
15. Bg3 Bd6 16. Ne5 O-O 17. c3 c5 18. O-O-O Rc8 19. Bh4 Qc7 20. Rhe1 Nb4 21.
Qc4 cxd4 22. Qxc7 Rxc7 23. Rxd4 Nd5 24. Kb1 Bc5 25. Rd2 Rfc8 26. Red1 b5 27.
Nf3 Bb6 28. Bg3 Rd7 29. Ne5 Rdd8 30. Rd3 a6 31. Rc1 f6 32. Ng6 Kf7 33. Rf3 Ne7
34. Ne5+ Ke8 35. Nd3 Nf5 36. Re1 Kf7 37. Bh2 Nh4 38. Rg3 Bc7 39. f4 Nf5 40. Rf3
a5 41. g4 Ne7 42. Nc5 Rd6 43. Rfe3 Bb6 44. Rxe6 Rxe6 45. Nxe6 f5 46. g5 Nc6 47.
g6+ Kg8 48. Rd1 Re8 49. Rd6 Nd8 50. Nxd8 1/2-1/2

[Event "DLM 2010"]
[Site "Stuttgart GER"]
[Date "2010.11.18"]
[Round "3"]
[White "Farmani Anosheh, Armin"]
[Black "Seifert, Christopher"]
[Result "1-0"]
[Termination "normal"]
[Board "3.1"]
[WhiteElo "2207"]
[BlackElo "2217"]
[WhiteTeam "Baden"]
[BlackTeam "Hessen 2"]
[WhiteFideId "24613240"]
[BlackFideId "24615293"]
[EventCountry "GER"]
[EventRounds "7"]
[EventType "team-swiss"]
[EventDate "2010.11.16"]

1. e4 c5 2. Nf3 e6 3. d3 Nc6 4. g3 d6 5. Bg2 g6 6. O-O Bg7 7. Nbd2 Rb8 8. c3 b5
9. Qc2 Nge7 10. a3 O-O 11. Rb1 b4 12. cxb4 cxb4 13. Nb3 Ba6 14. Be3 Qd7 15. Qd2
Rfc8 16. Rfc1 Qb7 17. a4 Qd7 18. Bf1 Ne5 19. Nxe5 Bxe5 20. d4 Bxf1 21. dxe5
Qxa4 22. exd6 Qxb3 23. Rxc8+ Rxc8 24. dxe7 Bd3 25. Rd1 Bb5 26. Qd8+ Kg7 27. Re1
Qc4 28. Rc1 Qxc1+ 29. Bxc1 Rxc1+ 30. Kg2 Rc4 31. e5 g5 32. Qf8+ Kg6 33. Qg8+
Kf5 34. Qxf7+ Kxe5 35. e8=Q Bxe8 36. Qxe8 1-0

[Event "DLM 2010"]
[Site "Stuttgart GER"]
[Date "2010.11.18"]
[Round "3"]
[White "Aslan, Benjamin"]
[Black "Petermann, Michail"]
[Result "1-0"]
[Termination "normal"]
[Board "3.2"]
[WhiteElo "2105"]
[BlackElo "2139"]
[WhiteTeam "Hessen 2"]
[BlackTeam "Baden"]
[WhiteFideId "24640298"]
[BlackFideId "24643530"]
[EventCountry "GER"]
[EventRounds "7"]
[EventType "team-swiss"]
[EventDate "2010.11.16"]

1. d4 d5 2. c4 e6 3. Nf3 Nf6 4. g3 c5 5. cxd5 Nxd5 6. Bg2 Nc6 7. O-O Be7 8. Nc3
Nxc3 9. bxc3 Bf6 10. e3 O-O 11. Ba3 Be7 12. Nd2 Qa5 13. Bxc5 Bxc5 14. Nb3 Qxc3
15. Rc1 Qb2 16. Rc2 Qa3 17. Nxc5 Nb4 18. Rc4 Rb8 19. Qd2 a5 20. Ra1 b6 21. Rc3
Qxc3 22. Qxc3 bxc5 23. dxc5 Bb7 24. Bxb7 Rxb7 25. a3 Nc6 26. Rd1 Rc8 27. Rd6
Rbc7 28. Qd3 g6 29. Rd7 Kg7 30. Rxc7 Rxc7 31. Qd6 1-0

[Event "DLM 2010"]
[Site "Stuttgart GER"]
[Date "2010.11.18"]
[Round "3"]
[White "Noe, Christopher"]
[Black "Will, Dominik"]
[Result "1/2-1/2"]
[Termination "normal"]
[Board "3.3"]
[WhiteElo "1859"]
[BlackElo "2023"]
[WhiteTeam "Baden"]
[BlackTeam "Hessen 2"]
[WhiteFideId "24692018"]
[BlackFideId "4696557"]
[EventCountry "GER"]
[EventRounds "7"]
[EventType "team-swiss"]
[EventDate "2010.11.16"]

1. c4 c5 2. Nc3 Nc6 3. g3 g6 4. Bg2 Bg7 5. e3 d6 6. Nge2 Nf6 7. O-O O-O 8. d4
cxd4 9. Nxd4 Bd7 10. b3 Rc8 11. Bb2 a6 12. Nd5 Nxd5 13. Bxd5 Qa5 14. a3 b5 15.
Nxc6 Bxc6 16. Bxg7 Kxg7 17. Bxc6 Rxc6 18. Qd5 Rfc8 19. a4 Qb6 20. cxb5 axb5 21.
a5 Qa6 22. b4 Rc4 23. Rfb1 R8c6 24. Kg2 e6 25. Qf3 d5 26. Ra2 Qc8 27. Rd2 Qf8
28. Rd4 Rc3 29. Ra1 Qd6 30. Qd1 R3c4 31. Rxc4 dxc4 32. Qc2 c3 33. a6 Rxa6 34.
Qxc3+ Kh6 35. Rxa6 Qxa6 36. Qc5 1/2-1/2

[Event "DLM 2010"]
[Site "Stuttgart GER"]
[Date "2010.11.18"]
[Round "3"]
[White "Galkin, Wladislaw"]
[Black "Frey, Alisa"]
[Result "1/2-1/2"]
[Termination "normal"]
[Board "3.4"]
[WhiteElo "1924"]
[BlackElo "2045"]
[WhiteTeam "Hessen 2"]
[BlackTeam "Baden"]
[WhiteFideId "4603192"]
[BlackFideId "24634662"]
[EventCountry "GER"]
[EventRounds "7"]
[EventType "team-swiss"]
[EventDate "2010.11.16"]

1. d4 Nf6 2. c4 g6 3. Nc3 d5 4. cxd5 Nxd5 5. e4 Nxc3 6. bxc3 Bg7 7. Bc4 c5 8.
Ne2 Nc6 9. Be3 O-O 10. O-O Qc7 11. Qd2 Rd8 12. Rac1 Na5 13. Bd3 Rb8 14. d5 e5
15. c4 b6 16. f4 Nb7 17. Rf2 Nd6 18. f5 f6 19. g4 Qd7 20. Qc2 Rb7 21. a4 Rc7
22. Rb1 Qe8 23. Nc3 Rb7 24. Qd1 Bd7 25. Rfb2 Rdb8 26. Be2 Qc8 27. Qc2 1/2-1/2

[Event "DLM 2010"]
[Site "Stuttgart GER"]
[Date "2010.11.18"]
[Round "3"]
[White "Schuhmacher, Jakob"]
[Black "Baskin, Robert"]
[Result "0-1"]
[Termination "normal"]
[Board "3.5"]
[WhiteElo "1796"]
[BlackElo "1870"]
[WhiteTeam "Baden"]
[BlackTeam "Hessen 2"]
[WhiteFideId "4612787"]
[BlackFideId "24662402"]
[EventCountry "GER"]
[EventRounds "7"]
[EventType "team-swiss"]
[EventDate "2010.11.16"]

1. d4 d5 2. c4 e6 3. Nc3 Nf6 4. Bg5 Be7 5. e3 O-O 6. Nf3 b6 7. cxd5 exd5 8. Bd3
Bb7 9. O-O Nbd7 10. Qc2 c5 11. Ne5 h6 12. Nxd7 Qxd7 13. Bh4 Ne4 14. Bxe7 Qxe7
15. dxc5 Nxc3 16. c6 Bxc6 17. Qxc3 Rac8 18. Rac1 Qg5 19. Qd4 Bb7 20. Rfd1 Rfd8
21. a4 Qe7 22. Bf5 Rc7 23. Rxc7 Qxc7 24. Qc3 Qxc3 25. bxc3 Bc8 26. Be4 Be6 27.
c4 d4 28. Rxd4 Rxd4 29. exd4 Bxc4 30. f4 Kf8 31. Kf2 Ke7 32. Bc6 Kd6 33. Be8
Bd5 34. Ke3 a6 35. a5 b5 0-1

[Event "DLM 2010"]
[Site "Stuttgart GER"]
[Date "2010.11.18"]
[Round "3"]
[White "Sancar, Alina"]
[Black "Kühnel, Lena"]
[Result "1-0"]
[Termination "normal"]
[Board "3.6"]
[WhiteElo "1793"]
[BlackElo "1865"]
[WhiteTeam "Hessen 2"]
[BlackTeam "Baden"]
[WhiteFideId "4624750"]
[BlackFideId "24640956"]
[EventCountry "GER"]
[EventRounds "7"]
[EventType "team-swiss"]
[EventDate "2010.11.16"]

1. e4 e5 2. Nf3 Nc6 3. Bc4 Nf6 4. d3 Bc5 5. c3 d6 6. h3 h6 7. Nbd2 a6 8. Bb3
Be6 9. Nf1 d5 10. Ng3 Qd7 11. Qe2 O-O-O 12. O-O Rde8 13. Ba4 Bd6 14. b4 g5 15.
Qc2 Reg8 16. b5 axb5 17. Bxb5 Kd8 18. Qa4 Ke7 19. Bxc6 bxc6 20. Ba3 g4 21. Nxe5
Qe8 22. Nxc6+ Kf8 23. e5 Bd7 24. exd6 Kg7 25. Qf4 Bxc6 26. Nf5+ 1-0

[Event "DLM 2010"]
[Site "Stuttgart GER"]
[Date "2010.11.18"]
[Round "3"]
[White "Wiesner, Paula"]
[Black "Brandl, Lea"]
[Result "1/2-1/2"]
[Termination "normal"]
[Board "3.7"]
[WhiteElo "1804"]
[BlackElo "1542"]
[WhiteTeam "Baden"]
[BlackTeam "Hessen 2"]
[WhiteFideId "24654019"]
[BlackFideId "24693049"]
[EventCountry "GER"]
[EventRounds "7"]
[EventType "team-swiss"]
[EventDate "2010.11.16"]

1. d4 d5 2. c4 e6 3. Nc3 Nf6 4. cxd5 exd5 5. Bg5 Nbd7 6. e3 Be7 7. Qc2 c6 8.
Bd3 O-O 9. Nf3 Re8 10. O-O Nf8 11. Bxf6 Bxf6 12. b4 a6 13. a4 Be7 14. b5 axb5
15. axb5 Rxa1 16. Rxa1 c5 17. dxc5 Bxc5 18. Ne2 Bb6 19. Ra8 Qc7 20. Qxc7 Bxc7
21. Nfd4 g6 22. Nc3 Bb6 23. Nxd5 Bxd4 24. exd4 Re1+ 25. Bf1 Be6 26. Ne3 Bd7 27.
Rb8 Bxb5 28. Rxb7 Bxf1 29. Nxf1 Rd1 30. g3 Rxd4 31. Kg2 1/2-1/2

[Event "DLM 2010"]
[Site "Stuttgart GER"]
[Date "2010.11.18"]
[Round "3"]
[White "Liez, Franziska"]
[Black "Reiß, Michael"]
[Result "1-0"]
[Termination "normal"]
[Board "3.8"]
[WhiteElo "1506"]
[BlackElo "1617"]
[WhiteTeam "Hessen 2"]
[BlackTeam "Baden"]
[WhiteFideId "1271766"]
[EventCountry "GER"]
[EventRounds "7"]
[EventType "team-swiss"]
[EventDate "2010.11.16"]

1. e4 d5 2. exd5 Qxd5 3. Nc3 Qa5 4. d4 Nf6 5. Bd2 Qb6 6. Nf3 Bg4 7. h3 Bh5 8.
g4 Bg6 9. Bc4 e6 10. Bb3 Ne4 11. Qe2 Nxd2 12. Qxd2 Nd7 13. O-O-O h6 14. Qe3
O-O-O 15. Nh4 Bh7 16. f4 Be7 17. Nf3 Rhe8 18. Rhe1 Nf6 19. Ne5 Rf8 20. Nxf7
Rde8 21. Qxe6+ Qxe6 22. Bxe6+ Kb8 23. Ne5 Bd6 24. f5 c6 25. d5 Kc7 26. dxc6
bxc6 27. Nc4 Bf4+ 28. Kb1 Bg8 29. Bxg8 Rxg8 30. Ne2 Bg5 31. Nd4 Bh4 32. Rxe8
Nxe8 33. Ne5 c5 34. Ne6+ Kb6 35. Nd7+ Kb5 36. Ndxc5 g6 37. Rd5 Nf6 38. Rd3 gxf5
39. a4+ Kb6 40. gxf5 Rg1+ 41. Ka2 Rg2 42. b4 a6 43. Rd6+ Ka7 44. Rxa6+ Kb8 45.
Kb3 Rg3+ 46. Nd3 Rxh3 47. a5 Rf3 48. Nd4 Rf1 49. Rb6+ Kc8 50. a6 Nd5 51. Rxh6
Bg3 52. Rh8+ Kd7 53. a7 Nc7 54. Rh7+ Kc8 55. Rxc7+ Bxc7 56. a8=Q+ Bb8 57. Qc6+
Bc7 58. Ne6 Kb8 59. Qxc7+ Ka8 60. Nec5 1-0